000 00715nam a2200217 a 4500
001 48261
003 BD-RjUL
005 20211209054505.0
008 160813b1987 bg |||| ||| 000 0 ben d
035 _a(BD-RjUL)48380
040 _aBD-RjUL
_bben
_cBD-RjUL
_dBD-RjUL
041 _aben
082 _223
_a891.443
_bJAG 1994
100 1 0 _aজাফর, আবু
_9120696
245 1 0 _aগল্পকার হাসান আজিজুল হক /
_cআবু জাফর
260 _aঢাকা :
_bবইঘর,
_c১৯৮৭
300 _a১২২ পৃ. ;
_c২১ সেমি.
650 _aবাংলা ছোটগল্প
_9146142
650 _aBengali Shortstories
_9135966
942 _2ddc
_cBK
999 _c48261
_d48261